|
|
|
|
| LEADER |
00000nab a2200000 a 4500 |
| 001 |
vtls001001696 |
| 003 |
SK-MaSNL |
| 005 |
20260303041227.0 |
| 008 |
040720e19960614xo 0 slo |
| 035 |
|
|
|a RV2296
|
| 040 |
|
|
|a RVGKPD
|b slo
|c RVGKPD
|e AACR2
|
| 041 |
0 |
|
|a slo
|
| 044 |
|
|
|a xo
|c SK
|
| 080 |
|
|
|a 352.07
|2 1981
|
| 100 |
1 |
|
|a Kočišová, Vilma
|4 aut
|9 1024235
|
| 245 |
1 |
0 |
|a Činnosť Zboru pre občianske záležitosti "Človek človeku"
|
| 500 |
|
|
|a činnosť
|
| 500 |
|
|
|a hodnotenie
|
| 610 |
2 |
7 |
|a zbory pre občianske záležitosti
|2 RVGKPD
|9 552121
|
| 651 |
|
7 |
|a Slavošovce (Slovensko)
|2 RVGKPD
|9 28955
|
| 655 |
|
7 |
|a periodikum
|2 snkbucl
|9 29553
|
| 710 |
2 |
|
|a Zbory pre občianske záležitosti
|4 aut
|9 552121
|
| 773 |
0 |
8 |
|t Slavošovské obecné noviny
|g Roč. 2, č.4, 14.6.1996, s. 4
|
| 852 |
|
|
|a ZVYKNI
|b KIS3GCP
|
| 999 |
|
|
|c 1685821
|d 1687751
|